Design and implementation of cellular jammer / (Record no. 188639)
[ view plain ]
| 000 -LEADER | |
|---|---|
| fixed length control field | 00799 a2200193 4500 |
| 003 - CONTROL NUMBER IDENTIFIER | |
| control field | NUST |
| 005 - DATE AND TIME OF LATEST TRANSACTION | |
| control field | 20251118174357.0 |
| 040 ## - CATALOGING SOURCE | |
| Transcribing agency | Nust |
| 082 ## - DEWEY DECIMAL CLASSIFICATION NUMBER | |
| Classification number | 621.382,SAL |
| 100 ## - MAIN ENTRY--PERSONAL NAME | |
| Personal name | Saleem, GC Avais ( TCC-15B) |
| 9 (RLIN) | 131933 |
| 245 ## - TITLE STATEMENT | |
| Title | Design and implementation of cellular jammer / |
| Statement of responsibility, etc. | GC Avais Saleem, GC Fasial Jawed ,GC Ali Shahbaz and GC Shehryar Jadoon |
| 260 ## - PUBLICATION, DISTRIBUTION, ETC. | |
| Place of publication, distribution, etc. | Rawalpindi |
| Name of publisher, distributor, etc. | MCS (NUST) |
| Date of publication, distribution, etc. | March, 2007 |
| 300 ## - PHYSICAL DESCRIPTION | |
| Extent | vii, 77 p.; |
| 505 ## - FORMATTED CONTENTS NOTE | |
| Formatted contents note | Global System For Mobile Communication (Page-1), Introduction to Jamming (Page-15), Voltage Controlled Oscillator (Page-25), Sweep and Noise Generator (Page-34), RF Amplifier (PAge-38), Antenna Systems (Page-43). |
| 650 ## - SUBJECT ADDED ENTRY--TOPICAL TERM | |
| Topical term or geographic name entry element | UG Projects |
| 9 (RLIN) | 98716 |
| 651 ## - SUBJECT ADDED ENTRY--GEOGRAPHIC NAME | |
| Geographic name | TCC-15B |
| 9 (RLIN) | 131923 |
| 700 ## - ADDED ENTRY--PERSONAL NAME | |
| Personal name | Supervised by Maj (R) Fazal Ahmed |
| 9 (RLIN) | 131806 |
| 942 ## - ADDED ENTRY ELEMENTS (KOHA) | |
| Koha item type | Project Report |
| Source of classification or shelving scheme | |
| Withdrawn status | Lost status | Source of classification or shelving scheme | Damaged status | Not for loan | Permanent Location | Current Location | Shelving location | Date acquired | Full call number | Barcode | Date last seen | Price effective from | Koha item type | Public note |
|---|---|---|---|---|---|---|---|---|---|---|---|---|---|---|
| Military College of Signals (MCS) | Military College of Signals (MCS) | Reference | 12/12/2016 | 621.382,SAL | MCSPTC-88 | 12/08/2016 | 12/12/2016 | Project Report | Almirah No. 94, Shelf No. 2 |
